000 00635nas a2200229 4500
001 BR8001468
003 BR-BrBNA
005 20231205084228.0
007 ta
008 230509b bl.|||p| |||| 00| 00por d
040 _aBR-BrBNA
_bpor
_cBiblioteca Nacional de Agricultura
041 _a(Pt)
072 _aN20
100 1 _aAnon.
245 1 _aOrdenha: a inovacao dos britanicos
650 _aEquipamento rural
650 _aGado leiteiro
650 _aOrdenhadeira
773 0 _tGranja (Brazil)
_xISSN 0367-505X
_g(Mar 1980), v. 36(386) p. 14-15
_wBR8001468
909 _a202311
_bLúcia
_c55
_dLúcia Elande
942 _2AGRIS
_n0
_cANA
999 _c103893
_d103893